ARRUPE JESUIT UNIVERSITY

CORONAVIRUS -STOP THE SPREAD - CLEAN,DISINFECT,COVER

Benedetto Croce: (Record no. 121919)

MARC details
000 -LEADER
fixed length control field 00851mam a2200277 4500
001 - CONTROL NUMBER
control field 2781011
003 - CONTROL NUMBER IDENTIFIER
control field ARRUPE
005 - DATE AND TIME OF LATEST TRANSACTION
control field 20150324134851.0
008 - FIXED-LENGTH DATA ELEMENTS--GENERAL INFORMATION
fixed length control field 890228s1922 nyu b 000 0beng d
010 ## - LIBRARY OF CONGRESS CONTROL NUMBER
LC control number 22005683
035 ## - SYSTEM CONTROL NUMBER
System control number (OCoLC)276364
035 ## - SYSTEM CONTROL NUMBER
System control number (OCoLC)ocm00276364
035 ## - SYSTEM CONTROL NUMBER
System control number (NNC)2781011
040 ## - CATALOGING SOURCE
Transcribing agency OWibfU
Modifying agency NBiSU
-- CStRLIN
-- RPB
-- NIC
050 0# - LIBRARY OF CONGRESS CALL NUMBER
Classification number B3614.C74
Item number P5
300 ## - PHYSICAL DESCRIPTION
Dimensions 19 cm.
100 1# - MAIN ENTRY--PERSONAL NAME
Personal name Piccoli, Raffaello,
Dates associated with a name 1886-1933.
9 (RLIN) 14728
245 10 - TITLE STATEMENT
Title Benedetto Croce:
Remainder of title an introduction to his philosophy,
Statement of responsibility, etc by Raffaello Piccoli.
260 ## - PUBLICATION, DISTRIBUTION, ETC. (IMPRINT)
Place of publication, distribution, etc Milton Keynes, UK
Name of publisher, distributor, etc Lighting
Date of publication, distribution, etc [19?-]
300 ## - PHYSICAL DESCRIPTION
Extent xi, 315 p.
500 ## - GENERAL NOTE
General note Published originally in 1922
504 ## - BIBLIOGRAPHY, ETC. NOTE
Bibliography, etc "Bibliographical note": p. 305-309.
600 10 - SUBJECT ADDED ENTRY--PERSONAL NAME
Personal name Croce, Benedetto,
Dates associated with a name 1866-1952.
9 (RLIN) 14729
650 #0 - SUBJECT ADDED ENTRY--TOPICAL TERM
Topical term or geographic name as entry element Aesthetics.
9 (RLIN) 14730
942 ## - ADDED ENTRY ELEMENTS (KOHA)
Source of classification or shelving scheme Library of Congress Classification
Koha item type Monograph ( Printed materials)
Holdings
Withdrawn status Lost status Source of classification or shelving scheme Damaged status Not for loan Collection code Home library Current library Shelving location Date acquired Total Checkouts Full call number Barcode Date last seen Price effective from Koha item type
    Library of Congress Classification     Main Collection ARRUPE LIBRARY ARRUPE LIBRARY Main Collection 29/01/2015   B3614.C74 P5 46500003023 29/01/2015 29/01/2015 Monograph ( Printed materials)

 

Arrupe Library. PO Box MP320 Mt Pleasant, Harare, Zimbabwe
263 242 745411|librarian@aju.ac.zw